Bahasa Melayu bahasa ilmu

Bibliographic Details
Main Author: Mohd Yusof Hj. Othman
Format: Book
Published: Selangor : Aras Mega , 2001
Subjects:

MARC

LEADER 00000cam a2200000 7i4500
001 0000025420
005 20090224.0
008 090224
020 |a 9839301357 
090 0 0 |a 499.238   |b MOH 
100 1 |a Mohd Yusof Hj. Othman 
245 1 0 |a Bahasa Melayu bahasa ilmu   |c Mohd Yusof Hj. Othman 
260 |a Selangor :   |b Aras Mega ,   |c 2001 
650 0 |a Malay language   |x usage 
999 |a 0001039555   |b Book   |c Adult Collection   |e Perbadanan Perpustakaan Awam Johor